Patarkatsishvili and another v Woodward-Fisher (Record no. 122122)

MARC details
000 -LEADER
fixed length control field 00660naa a22001697a 4500
008 - FIXED-LENGTH DATA ELEMENTS--GENERAL INFORMATION
fixed length control field 250227e20250314xxk|||||ov|||o00| | eng d
041 ## - LANGUAGE CODE
Language code of text/sound track or separate title eng
245 ## - TITLE STATEMENT
Title Patarkatsishvili and another v Woodward-Fisher
Subtitle [2025] EWHC 265 (Ch)
260 ## - PUBLICATION INFORMATION
Publisher Chancery Division
Date 10 February 2025
520 ## - ABSTRACT
Abstract The judge held the seller had been dishonest for not disclosing treatment for moths.
650 ## - KEYWORDS
Keywords RESIDENTIAL PROPERTY
650 ## - KEYWORDS
Keywords FRAUDULENT MISREPRESENTATION
650 ## - KEYWORDS
Keywords SALE OF PROPERTY
651 ## - SUBJECT ADDED ENTRY--GEOGRAPHIC NAME
Geographic name United Kingdom
690 ## - LOCAL SUBJECT ADDED ENTRY--TOPICAL TERM (OCLC, RLIN)
Topical term or geographic name as entry element Residential property
9 (RLIN) 6266
856 ## - ONLINE RESOURCE
Uniform Resource Identifier https://www.bailii.org/ew/cases/EWHC/Ch/2025/265.html
Public note Judgement available on BAILII
Holdings
Withdrawn status Lost status Damaged status Koha normalized classification for sorting Not for loan Home library Current library Shelving location Date acquired Total Checkouts Full call number Date last seen Price effective from Koha item type
      ONLINE_JUDGMENT   Virtual Virtual Online 17/03/2025   ONLINE JUDGMENT 17/03/2025 17/03/2025 Law report